000 00789nam a2200181 a 4500
008 080918s1988 ||||||||||||||||| || u
020 _a0702122092
050 _aP 90 Fou
100 _aFourie, Pieter J
245 1 0 _aAspects of film and television communication.
_cPieter J. Fourie
260 _aCape Town
_bJuta and Company
_c1988
300 _aviii, 112p.
350 _a22500.00
650 _aMASS MEDIA--PHILOSOPHY
650 _aMEDIA
995 _aANNEX COLLECTION (Main Library)
_D22500.00
_e738563
_FCBU-MAIN LIBRARY (Kitwe)
_H1
_I0.00
_jP 90 FOU
_M1
_UAVAILABLE
_WSep 18, 2008
_y738563
_ZAnnex Low-Usage Collection
995 _aANNEX COLLECTION (Main Library)
_D22500.00
_e738564
_FCBU-MAIN LIBRARY (Kitwe)
_H1
_I0.00
_jP 90 Fou
_M2
_UAVAILABLE
_WSep 18, 2008
_y738564
_ZAnnex Low-Usage Collection
999 _c84387
_d84387